More than a century of Hevea breeding in Sri Lanka (Record no. 63258)

MARC details
000 -LEADER
fixed length control field 00419nam a2200157Ia 4500
100 ## - MAIN ENTRY--AUTHOR NAME
Personal name Withanage S.P
245 #0 - TITLE STATEMENT
Title More than a century of Hevea breeding in Sri Lanka
260 ## - PUBLICATION, DISTRIBUTION, ETC. (IMPRINT)
Name of publisher Rubber Science
Year of publication 2019
300 ## - PHYSICAL DESCRIPTION
Number of Pages 227-239
650 ## - SUBJECT ADDED ENTRY--TOPICAL TERM
Topical Term Clone recommendation
650 ## - SUBJECT ADDED ENTRY--TOPICAL TERM
Topical Term Genetic improvement
650 ## - SUBJECT ADDED ENTRY--TOPICAL TERM
Topical Term Hevea brasiliensis
650 ## - SUBJECT ADDED ENTRY--TOPICAL TERM
Topical Term Sri Lanka
942 ## - ADDED ENTRY ELEMENTS (KOHA)
Koha item type Journals
Holdings
Withdrawn status Lost status Damaged status Not for loan Home library Current library Shelving location Date acquired Serial Enumeration / chronology Koha item type
      Journals RRII Library RRII Library Economics 01/01/2021 Volume 32, Issue 3 Journals